Quel est ce Nom ? - Géographie - Statistiques

Statistiques générales
  • Ce quiz a été pris 131 fois
  • Le résultat moyen est 14 sur 20
Statistiques - réponses
Hint Réponse % Correct
Pâques Île
97%
Rocheuses Montagnes
90%
Bavière Territoire
88%
Titicaca Lac
86%
Côme Lac
86%
Baïkal Lac
85%
Nouvelle-Galles du Sud Territoire
79%
Capri Île
77%
Man Île
76%
Oural Montagnes
74%
Xinjiang Territoire
71%
Carpates Montagnes
69%
Alberta Territoire
65%
Sierra Nevada Montagnes
63%
Sichuan Territoire
56%
Jeju Île
43%
Tahoe Lac
43%
Baffin Île
39%
Sverdlovsk Territoire
33%
Minas Gerais Territoire
32%
Aucun quiz correspondant
Distribution des résultats
% des personnes avec chaque résultat
Percentile par nombre de réponses
Votre historique - résultats
Vous n’avez pas pris ce quiz